| 000 | 00655cam a2200193 4500 | ||
|---|---|---|---|
| 001 | IREN000544 | ||
| 008 | 1998 eng | ||
| 020 | _a1574441299 | ||
| 035 | _aIREN000544 | ||
| 050 | 4 |
_aHN49.C6 _bS86 1998 |
|
| 245 | 0 |
_aSustainable community development : Studies in economic environmental, and cultural revitalization / _ced. Marie D. Hoff. |
|
| 260 |
_aBoca Raton, Florida : _bLewis publishers, _c1998 |
||
| 300 |
_axii, 250 p. ; _c24 cm |
||
| 500 | _a1 ejem. | ||
| 500 | _aRec. Propios. D.G.B. | ||
| 504 | _aIncluye bibliografía e índice | ||
| 650 | 4 | _aEstudios económicos del medio ambiente | |
| 700 | 1 |
_aHoff, Marie D., _eed. |
|
| 942 |
_2lcc _cLIB |
||
| 999 |
_c147426 _d147424 |
||